Cultural competence : A primer for educators
We all know that an appreciation of diversity is important, but how do you teach that to students? Cultural competence: A primer for educators, 2nd Edition, shows you the basics of multicultural education strategies in a short, easy-to-use education textbook. The author also offers insights into the...
Guardado en:
| Autor principal: | |
|---|---|
| Formato: | Libro |
| Lenguaje: | Undetermined |
| Publicado: |
Belmont, CA
Wadsworth
2012
|
| Materias: | |
| Etiquetas: |
Agregar Etiqueta
Sin Etiquetas, Sea el primero en etiquetar este registro!
|
| Thư viện lưu trữ: | Trung tâm Học liệu Trường Đại học Cần Thơ |
|---|
| LEADER | 01179nam a2200229Ia 4500 | ||
|---|---|---|---|
| 001 | CTU_183582 | ||
| 008 | 210402s9999 xx 000 0 und d | ||
| 020 | |c 1910000 | ||
| 082 | |a 370.117 | ||
| 082 | |b M926 | ||
| 100 | |a Moule, Jean | ||
| 245 | 0 | |a Cultural competence : | |
| 245 | 2 | |b A primer for educators | |
| 245 | 0 | |c Jean Moule | |
| 260 | |a Belmont, CA | ||
| 260 | |b Wadsworth | ||
| 260 | |c 2012 | ||
| 520 | |a We all know that an appreciation of diversity is important, but how do you teach that to students? Cultural competence: A primer for educators, 2nd Edition, shows you the basics of multicultural education strategies in a short, easy-to-use education textbook. The author also offers insights into the psycho-social dimensions of teaching culturally diverse populations. Thorough yet concise, this is the guide you'll need to ensure that you emphasize the importance of diversity in your classroom. | ||
| 650 | |a Multicultural education,Cultural competence,Giáo dục đa văn hóa,Thẩm quyền văn hóa | ||
| 650 | |z United States,United States,Hoa Kỳ,Hoa Kỳ | ||
| 904 | |i Hải | ||
| 980 | |a Trung tâm Học liệu Trường Đại học Cần Thơ | ||